|
|
|
|
| LEADER |
07056nam a22004693i 4500 |
| 001 |
EBC4001768 |
| 003 |
MiAaPQ |
| 005 |
20231204023213.0 |
| 006 |
m o d | |
| 007 |
cr cnu|||||||| |
| 008 |
231204s2015 xx o ||||0 eng d |
| 020 |
|
|
|a 9783110443929
|q (electronic bk.)
|
| 020 |
|
|
|z 9783110443349
|
| 035 |
|
|
|a (MiAaPQ)EBC4001768
|
| 035 |
|
|
|a (Au-PeEL)EBL4001768
|
| 035 |
|
|
|a (CaPaEBR)ebr11116578
|
| 035 |
|
|
|a (OCoLC)940511433
|
| 040 |
|
|
|a MiAaPQ
|b eng
|e rda
|e pn
|c MiAaPQ
|d MiAaPQ
|
| 050 |
|
4 |
|a QA76.9.H85
|
| 082 |
0 |
|
|a 004.019
|
| 100 |
1 |
|
|a Pielot, Martin.
|
| 245 |
1 |
0 |
|a Mensch und Computer 2015 - Tagungsband.
|
| 250 |
|
|
|a 1st ed.
|
| 264 |
|
1 |
|a Berlin/Boston :
|b Walter de Gruyter GmbH,
|c 2015.
|
| 264 |
|
4 |
|c ©2015.
|
| 300 |
|
|
|a 1 online resource (504 pages)
|
| 336 |
|
|
|a text
|b txt
|2 rdacontent
|
| 337 |
|
|
|a computer
|b c
|2 rdamedia
|
| 338 |
|
|
|a online resource
|b cr
|2 rdacarrier
|
| 490 |
1 |
|
|a Mensch and Computer - Tagungsbände / Proceedings Series ;
|v v.2015
|
| 505 |
0 |
|
|a Intro -- Inhaltsverzeichnis -- Vorwort -- Langbeiträge -- Gemeinsam Arbeiten -- Flexible Zusammenarbeit in Workshops mittels mobiler Geräte -- Förderung von informellen Kontexten und Awareness in Scrum-Teams -- Search Trails as Collaboration Artifacts - Evaluating the UX -- Methoden und Werkzeuge -- Klassifikationsschema für Usability-Evaluationsmethoden -- Evaluation des iRequire-Ansatzes: Anforderungsermittlung in der Praxis -- „Das stand doch auf Facebook": Museen in sozialen Netzwerken -- Beyond Usability -- Gendergerechtes Forschungsdesign an der Schnittstelle Mensch - Technik -- Übersichtlichkeit als Mediator zwischen Ästhetik und Usability? -- Fürsorge, Gemeinsamkeiten, Pläne - Technik für Fernbeziehungen gestalten -- MCI in der Praxis -- User Experience bei Softwareanbietern -- Praktiken der Nutzerintegration im Entwicklungsprozess von KMU -- Geschlechterstereotype in Persona- Beschreibungen -- Interaktion in 3D -- 3D-Visualisierung zur Eingabe von Präferenzen in Empfehlungssystemen -- Natural 3D Interaction Techniques for Locomotion with Modular Robots -- Comparative Evaluation of Gesture and Touch Input for Medical Software -- Im Auge des Nutzers -- The Uncanny Valley and the Importance of Eye Contact -- Blickbasierte Awarenessmechanismen zur Kollaborationsunterstützung -- Empirische Validierung von Gestaltungsmustern -- Interaktive Anwendungen -- Interactive Human-Guided Optimization for Logistics Planning -- Make Me Laugh: Recommending Humoristic Content on the WWW -- Soziale Assistenzsysteme - respektvoll handeln im Straßenverkehr -- Für ältere Benutzer -- Impact Factors on Social TV Research in Real Elderly Persons' Households -- Let me Introduce Myself: I am Care-O-bot 4, a Gentleman Robot -- Touch und Gesten -- Usability of Gesture-based Mobile Applications for First-time Use.
|
| 505 |
8 |
|
|a Die Berührungsdauer eines Button- Klicks bei stationären Touchscreens -- Kurzbeiträge -- 3D User Interfaces for Interactive Annotation of Vascular Structures -- Accuracy of a Low-Cost 3D-printed Head-Mounted Eye Tracker -- An Intuitive Textile Input Controller -- Assisting Mouse Pointer Recovery in Multi-Display Environments -- Bedürfnislandschaft älterer Menschen in Österreich -- Computerbezogene Attributionsstile: Ein Persona-Toolkit für UE-Prozesse -- Der Gender-Check im menschzentrierten Gestaltungsprozess -- Die Intuitivitäts-Illusion: Intuitives Nutzererleben durch Attributionsfehler -- Eine haptische Lichtsteuerung für Senioren in Smart Environments -- Einflussfaktoren der Beanspruchung durch gestenbasierte Eingabegeräte -- Erinnerungsfenster für Demenzkranke -- Evaluation einer ähnlichkeitsbasierten Produktsuche für Kleidung -- Evaluation von Buttons im Kontext des Gestaltungsstils Flat Design -- Herausforderungen und Erwartungen an 3D-Technologien -- Incentive Guidance of Crowds by Smart City Lights -- Integrierte Entwicklungsumgebung 5Code für Programmieranfänger -- Interaktive Schutzbekleidung für industrielle Arbeitsumgebungen -- Kontextspezifisches Nutzerfeedback in einer Desktop-Anwendung -- Kommunikation von Verbundenheit mittels Smartwatch -- Kulturkonflikte vermeiden - Mobiles Lernen für China -- Linkshändigkeit als Privileg oder Nachteil bei Notebookeingabegeräten? -- Lumicons: Mapping Light Patterns to Information Classes -- Multimodale Mensch-Roboter- Interaktion im privaten Haushalt -- Nähe auf Distanz - sensible Gestaltung von Kommunikationstechnik -- Parameterized Facial Animation for Socially Interactive Robots -- Plattformübergreifende interaktive Tischanwendungen mittels TUIOFX -- PQ4Agile - Steigerung der Produktqualität in agilen Projekten -- Reagierende Schriftzeichen.
|
| 505 |
8 |
|
|a Sichere Mensch-Roboter- Kollaboration durch Prädiktion -- Towards Software Support for Collaborative Morphological Analysis -- Unterstützung eines manuellen Verwiegeprozesses per Smartwatch -- Using Tag Clouds to Explore Text Documents on Small Mobile Devices -- Virtual Twins for Online Clothing Shoppers -- Vom Wunsch zum Ziel?! Potential von Technologien zur Selbstverbesserung -- Vorhersagbarkeit von Produktpräferenzen durch Eyetracking -- Websitebewertung: Der spontane Ersteindruck -- Wofür brauchen Informatiker_innen das Soziale? -- Zeitstabilität der Nutzerwahrnehmung: Bewertung von Website-Inhalten -- Interaktive Demos -- A Voice Driven Type Design Demo -- Eine adaptive Online Banking Anwendung -- HapRing: A Wearable Haptic Device for 3D Interaction -- Interaktion mit entfernten Displays durch See-Through Augmentation -- Interaktive Kletterwand -- iSkin: Stretchable On-Body Touch Sensors for Mobile Computing -- Kollaboratives Text Lesen: Adaptive Text Scroll Geschwindigkeit -- Mid-Air Gestures for Window Management on Large Displays -- persona.fractalis - eine körpergesteuerte 3D-Installation -- Remote Drawing on Vertical Surfaces with a Self-Actuated Display -- The death of a genre: self-driving cars and car racing video games -- The Roaring Hammock -- Towards an Optimal Viewpoint in Third-Person out-of-body Experiences -- Virtual Tones -- Visual Analytics in der Studienverlaufsplanung -- VR-Demonstration „DeepGrip" -- Weit weg und doch nah - zwei Technikkonzepte im Familieneinsatz -- Programmkomitees -- Autoren.
|
| 588 |
|
|
|a Description based on publisher supplied metadata and other sources.
|
| 590 |
|
|
|a Electronic reproduction. Ann Arbor, Michigan : ProQuest Ebook Central, 2023. Available via World Wide Web. Access may be limited to ProQuest Ebook Central affiliated libraries.
|
| 655 |
|
4 |
|a Electronic books.
|
| 700 |
1 |
|
|a Diefenbach, Sarah.
|
| 700 |
1 |
|
|a Henze, Niels.
|
| 776 |
0 |
8 |
|i Print version:
|a Pielot, Martin
|t Mensch und Computer 2015 - Tagungsband
|d Berlin/Boston : Walter de Gruyter GmbH,c2015
|z 9783110443349
|
| 797 |
2 |
|
|a ProQuest (Firm)
|
| 830 |
|
0 |
|a Mensch and Computer - Tagungsbände / Proceedings Series
|
| 856 |
4 |
0 |
|u https://ebookcentral.proquest.com/lib/matrademy/detail.action?docID=4001768
|z Click to View
|